GIOCATORI CON 4 CHAMPIONS VINTE DAL GLI ANNI 80 - Statistics

Statistiche generali
  • Questo quiz è stato fatto 84 volte
  • Il punteggio medio è 15 su 21
Statistiche sulle risposte
CHAMPIONS VINTE GIOCATORE SQUADRE % Corretto
5 MALDINI MILAN
99%
5 RONALDO MAN UTD/REAL
96%
5 MODRIC REAL
94%
5 KROOS BAYERN/REAL
93%
4 MESSI BARCELONA
86%
5 BENZEMA REAL
80%
5 CARVAJAL REAL
79%
4 INIESTA BARCELONA
79%
4 XAVI BARCELONA
77%
4 RAMOS REAL
76%
5 CASEMIRO REAL
74%
5 BALE REAL
70%
4 SEEDORF REAL/AJAX/MILAN
70%
5 MARCELO REAL
66%
5 COSTACURTA MILAN
63%
4 PIQUE BARCELONA
54%
5 NACHO REAL
50%
4 VARANE REAL
47%
5 ISCO REAL
44%
4 KOVACIC REAL7CHELSEA
36%
4 VAZQUEZ REAL
26%
Nessun quiz corrispondente trovato
Distribuzione punteggi
Percentuale di utenti per punteggio
Percentile per numero di risposta
I tuoi punteggi nel tempo
Non hai fatto questo quiz